| 000 | 00456nam a2200181Ia 4500 | ||
|---|---|---|---|
| 001 | 23482 | ||
| 005 | 20260414150940.0 | ||
| 008 | 260414t2014||||xx |||||||||||||| ||spa|| | ||
| 041 | _aESP | ||
| 082 |
_a650.1 _bM86 |
||
| 100 |
_aMorales Tristán, Oswaldo _eAUT |
||
| 245 | 0 |
_aCasos exitosos de empresas latinoamericanas en Asia _b |
|
| 260 | _c2014 | ||
| 300 |
_a138 páginas : _c23 cm. |
||
| 650 | _aGEN | ||
| 654 | _aCCO | ||
| 942 |
_cLIB _dJUS _fJUS _2ddc _n |
||
| 999 |
_c23482 _d23482 |
||